ՀՀ Գիտությունների ազգային ակադեմիայի հիմնարար գիտական գրադարան  =   Fundamental Scientific Library of NAS RA

Ընտրանի : (Record no. 526645)

MARC details
000 -LEADER
fixed length control field 01037nam a2200241 a 4500
001 - CONTROL NUMBER
control field 1143404
003 - CONTROL NUMBER IDENTIFIER
control field AM-YEHGA
005 - DATE AND TIME OF LATEST TRANSACTION
control field 20250618080108.0
008 - FIXED-LENGTH DATA ELEMENTS--GENERAL INFORMATION
fixed length control field 170628s2017 ai o|||gr|||||||||0|arm|d
020 ## - INTERNATIONAL STANDARD BOOK NUMBER
International Standard Book Number 9789939873022
040 ## - CATALOGING SOURCE
Original cataloging agency AM-YeHGA
041 0# - LANGUAGE CODE
Language code of text/sound track or separate title arm
090 ## - LOCALLY ASSIGNED LC-TYPE CALL NUMBER (OCLC); LOCAL CALL NUMBER (RLIN)
-- 564261
100 1# - MAIN ENTRY--PERSONAL NAME
Personal name Մակիչյան, Բորիս
245 10 - TITLE STATEMENT
Title Ընտրանի :
Remainder of title [Հոդվածների ժողովածու] /
Statement of responsibility, etc. Բ. Մակիչյան ; Կազմող և պատ. խմբ.՝ Գ. Հակոբյան ; Հյուսիսային համալսարան.
260 ## - PUBLICATION, DISTRIBUTION, ETC.
Place of publication, distribution, etc. Երևան :
Name of publisher, distributor, etc. Լուսակն,
Date of publication, distribution, etc. 2017.
300 ## - PHYSICAL DESCRIPTION
Extent 260 էջ :
Other physical details լուսանկ. ;
Dimensions 21 սմ.
610 14 - SUBJECT ADDED ENTRY--CORPORATE NAME
Corporate name or jurisdiction name as entry element Կրթություն
Geographic subdivision Հայաստանի Հանրապետություն
650 14 - SUBJECT ADDED ENTRY--TOPICAL TERM
Topical term or geographic name entry element Բարձրագույն ուսումնական հաստատություններ
Geographic subdivision Հայաստանի Հանրապետություն
700 1# - ADDED ENTRY--PERSONAL NAME
Personal name Հակոբյան, Գայանե
Relator term կազմ.
Relationship com
Relator term խմբ.
Relationship edt
710 2# - ADDED ENTRY--CORPORATE NAME
Corporate name or jurisdiction name as entry element Հյուսիսային համալսարան
9 (RLIN) 8825
942 ## - ADDED ENTRY ELEMENTS (KOHA)
Source of classification or shelving scheme Universal Decimal Classification
Koha item type Գրքեր / Books
Holdings
Withdrawn status Lost status Source of classification or shelving scheme Damaged status Not for loan Collection Home library Current library Date acquired Total checkouts Full call number Barcode Date last seen Price effective from Koha item type Public note
    Universal Decimal Classification     General Fundamental Scientific Library Fundamental Scientific Library 16/12/2022   AII/109128 FL0677753 16/12/2022 16/12/2022 Գրքեր / Books 30 Days Loan


ՀՀ ԳԱԱ հիմնարար գիտական գրադարան
ՀՀ,Երևան 0019
Մարշալ Բաղրամյան 24/6
հեռախոս:(374-10) 52-47-50
Հետադարձ կապ

All site content, except where otherwise noted, is licensed under a
Creative Commons License